Electronic Circuits (Record no. 346041)

MARC details
000 -LEADER
fixed length control field 00497nam a2200181Ia 4500
008 - FIXED-LENGTH DATA ELEMENTS--GENERAL INFORMATION
fixed length control field 230718s9999 xx 000 0 und d
020 ## - INTERNATIONAL STANDARD BOOK NUMBER
International Standard Book Number 9780070634336
041 ## - LANGUAGE CODE
Language code of text/sound track or separate title eng
082 ## - DEWEY DECIMAL CLASSIFICATION NUMBER
Classification number 621.3815'3
Item number NEA
100 ## - MAIN ENTRY--PERSONAL NAME
Personal name Neamen D.A.
245 ## - TITLE STATEMENT
Title Electronic Circuits
Remainder of title Analysis And Design
250 ## - EDITION STATEMENT
Edition statement 3rd ed.
260 ## - PUBLICATION, DISTRIBUTION, ETC. (IMPRINT)
Date of publication, distribution, etc. 2019
Name of publisher, distributor, etc. McGraw Hill
300 ## - PHYSICAL DESCRIPTION
Extent 1351
Accompanying material [OBSOLETE, CAN/MARC] Ref 893 E (27043)
365 ## - TRADE PRICE
Currency code Rs.
Price amount 850.00
700 ## - ADDED ENTRY--PERSONAL NAME
Personal name Neamen D.A.
906 ## - LOCAL DATA ELEMENT F, LDF (RLIN)
d O:0577122-Nov-2017B:482606-Nov-2017
c ETC
b 1666
Holdings
Withdrawn status Lost status Damaged status Not for loan Home library Current library Date acquired Vendor Budget Code Cost, normal purchase price Bill number Total Checkouts Total Renewals Full call number Barcode Date last seen Date last checked out Discount Cost, replacement price Bill Date Koha item type Original Barcode
        Cummins College of Engineering for Women Pune Cummins College of Engineering for Women Pune 22/11/2017 Vaibhav Book House ETC 612.00 4826 4 1 621.3815'3 CCEP-BK-57248 15/09/2025 09/09/2025 1666 850.00 06/11/2017 Books 057248